<?xml version="1.0" encoding="UTF-8"?>
<record
    xmlns:xsi="http://www.w3.org/2001/XMLSchema-instance"
    xsi:schemaLocation="http://www.loc.gov/MARC21/slim http://www.loc.gov/standards/marcxml/schema/MARC21slim.xsd"
    xmlns="http://www.loc.gov/MARC21/slim">

  <leader>03145nam a22003377a 4500</leader>
  <controlfield tag="003">DO-SdBNP</controlfield>
  <controlfield tag="005">20210803085914.0</controlfield>
  <controlfield tag="008">210723b 2020 dr a c        00| 0 eng d</controlfield>
  <datafield tag="020" ind1=" " ind2=" ">
    <subfield code="a">9789945613452</subfield>
  </datafield>
  <datafield tag="040" ind1=" " ind2=" ">
    <subfield code="a">BPMSU </subfield>
    <subfield code="b">spa</subfield>
    <subfield code="c">BPMSU </subfield>
  </datafield>
  <datafield tag="082" ind1=" " ind2=" ">
    <subfield code="a">027.07293</subfield>
    <subfield code="b">E56g 2018</subfield>
    <subfield code="2">22</subfield>
  </datafield>
  <datafield tag="111" ind1="2" ind2=" ">
    <subfield code="a">Encuentro Nacional de Archivos </subfield>
    <subfield code="n">(6&#xBA; :</subfield>
    <subfield code="d">2018 : 13-15 junio.</subfield>
    <subfield code="c">Santo Domingo, Rep&#xFA;blica Dominicana )</subfield>
  </datafield>
  <datafield tag="245" ind1=" " ind2=" ">
    <subfield code="a">Gesti&#xF3;n documental :</subfield>
    <subfield code="b">administraci&#xF3;n electr&#xF3;nica /</subfield>
    <subfield code="c">cuidado de edici&#xF3;n : Raymundo Gonz&#xE1;lez, &#xC1;ngel Hern&#xE1;ndez.</subfield>
  </datafield>
  <datafield tag="246" ind1="1" ind2="3">
    <subfield code="a">Sesto Encuentro Nacional de Archivos (Memorias) </subfield>
  </datafield>
  <datafield tag="260" ind1=" " ind2=" ">
    <subfield code="a">Santo Domingo :</subfield>
    <subfield code="b">Archivo General de la Naci&#xF3;n,</subfield>
    <subfield code="c">2020.</subfield>
  </datafield>
  <datafield tag="300" ind1=" " ind2=" ">
    <subfield code="a">156 p. :</subfield>
    <subfield code="b">il., retrs. ; </subfield>
    <subfield code="c">25 cm. </subfield>
  </datafield>
  <datafield tag="490" ind1="0" ind2=" ">
    <subfield code="a">Publicaci&#xF3;n del Archivo General de la Naci&#xF3;n ;</subfield>
    <subfield code="v">378</subfield>
  </datafield>
  <datafield tag="500" ind1=" " ind2=" ">
    <subfield code="a">Incluye referencias bibliogr&#xE1;ficas y notas al pie de las p&#xE1;ginas </subfield>
  </datafield>
  <datafield tag="500" ind1=" " ind2=" ">
    <subfield code="a">Incluye &#xED;ndice </subfield>
  </datafield>
  <datafield tag="505" ind1="0" ind2=" ">
    <subfield code="a">Presentaci&#xF3;n.-- Discurso de apertura: &#xAB;Gesti&#xF3;n documental y administraci&#xF3;n electr&#xF3;nica&#xBB; / Roberto Cass&#xE1; -- Los desaf&#xED;os de la gesti&#xF3;n del documento electr&#xF3;nico desde una perspectiva archiv&#xED;stica / Ram&#xF3;n Alberch i Fugueras -- Marco normativo de tecnolog&#xED;as de la informaci&#xF3;n y comunicaci&#xF3;n / Glenny Castro -- La gesti&#xF3;n de los datos de car&#xE1;cter personal en los archivos a trav&#xE9;s del nuevo reglamento europeo de protecci&#xF3;n de datos personales / Cristina D&#xED;az Mart&#xED;nez -- Normas sobre tecnolog&#xED;as de la informaci&#xF3;n y comunicaci&#xF3;n NORTIC A2, A3 y E1 para el desarrollo y gesti&#xF3;n de los medios Web, Datos Abiertos y Redes Sociales de Estado Dominicano / Hu&#xE1;scar Fr&#xED;as Vilorio -- Aspectos legales de la Firma Digital en Rep&#xFA;blica Dominicana / Jasm&#xED;n Fabr&#xE9; -- Oficina paperless: los pasos previos / Marie-France Balasse -- La gesti&#xF3;n de documentos electr&#xF3;nicos en la Comunidad de Madrid / Antonio Gonz&#xE1;lez Quintana -- Firma Digital en la gesti&#xF3;n documental / Jasm&#xED;n Fabr&#xE9; -- La transici&#xF3;n del documento anal&#xF3;gico al documento digital: problemas y retos para la administraci&#xF3;n p&#xFA;blica actual / Ram&#xF3;n Aguilera Murgu&#xED;a -- Plenaria: implementaci&#xF3;n del Archivo Digital Nacional / Erika Rangel -- El legado digital de la Junta Central Electoral / Juan Karlos Salad&#xED;n -- &#xCD;ndice de uso de TIC e implementaci&#xF3;n de Gobierno Electr&#xF3;nico en el Estado Dominicano / Melvin Hilario, 121.-- Gobierno Digital / Armando Garc&#xED;a, 129.-- Palabras de clausura del 6.&#xBA; Encuentro Nacional de Archivos / Jos&#xE9; V&#xED;lchez -- Anexos -- Lista de participantes por instituci&#xF3;n -- Programa del evento -- Fotos 6.&#xBA; Encuentro Nacional de Archivos.</subfield>
  </datafield>
  <datafield tag="590" ind1=" " ind2=" ">
    <subfield code="a">Inventariado, 2021 /VM

</subfield>
  </datafield>
  <datafield tag="650" ind1=" " ind2="4">
    <subfield code="a">Archivos </subfield>
    <subfield code="z">Rep&#xFA;blica Dominicana</subfield>
    <subfield code="v">Congresos, conferencias, etc. </subfield>
  </datafield>
  <datafield tag="650" ind1=" " ind2="4">
    <subfield code="a">Gesti&#xF3;n documental </subfield>
    <subfield code="v">Congresos, conferencias, etc. </subfield>
  </datafield>
  <datafield tag="650" ind1=" " ind2="4">
    <subfield code="a">Automatizaci&#xF3;n de archivos</subfield>
    <subfield code="v">Congresos, conferencias, etc.</subfield>
  </datafield>
  <datafield tag="650" ind1=" " ind2="4">
    <subfield code="a">Archivos </subfield>
    <subfield code="z">Am&#xE9;rica Latina </subfield>
    <subfield code="v">Congresos, conferencias, etc. </subfield>
  </datafield>
  <datafield tag="700" ind1="1" ind2=" ">
    <subfield code="a">Gonz&#xE1;lez, Raymundo,</subfield>
    <subfield code="d">1961-</subfield>
    <subfield code="e">cuidado de edici&#xF3;n</subfield>
  </datafield>
  <datafield tag="700" ind1="1" ind2=" ">
    <subfield code="a">Hern&#xE1;ndez, &#xC1;ngel,</subfield>
    <subfield code="e">cuidado de edici&#xF3;n</subfield>
  </datafield>
  <datafield tag="710" ind1="2" ind2=" ">
    <subfield code="a">Archivo General de la Naci&#xF3;n (Rep&#xFA;blica Dominicana)</subfield>
  </datafield>
  <datafield tag="910" ind1=" " ind2=" ">
    <subfield code="a">VMateo V.</subfield>
  </datafield>
  <datafield tag="942" ind1=" " ind2=" ">
    <subfield code="2">ddc</subfield>
    <subfield code="c">BK</subfield>
  </datafield>
  <datafield tag="952" ind1=" " ind2=" ">
    <subfield code="0">0</subfield>
    <subfield code="1">0</subfield>
    <subfield code="2">ddc</subfield>
    <subfield code="4">0</subfield>
    <subfield code="7">0</subfield>
    <subfield code="8">CD</subfield>
    <subfield code="a">BPMET</subfield>
    <subfield code="b">BPMET</subfield>
    <subfield code="d">2021-08-03</subfield>
    <subfield code="e">AGN</subfield>
    <subfield code="l">0</subfield>
    <subfield code="o">BPMSU CD 027.07293 E56g 2018</subfield>
    <subfield code="p">BPMSU21080001</subfield>
    <subfield code="r">2021-08-03</subfield>
    <subfield code="w">2021-08-03</subfield>
    <subfield code="y">BK</subfield>
  </datafield>
  <datafield tag="999" ind1=" " ind2=" ">
    <subfield code="c">13609</subfield>
    <subfield code="d">13609</subfield>
  </datafield>
</record>
